000 00668nam a2200205Ia 4500
005 20230118093237.0
008 210716s2010 xx 000 0 und d
020 _a9780375429743
040 _cAIMIT LIBRARY
041 _aeng
082 _a153.94
_21
_bPIED
100 _aPierce, Douglas
_969238
245 _aCracking the toefl ibt :
_bProven Techniques from the test-prep experts /
_cBy Douglas Pierce and Sean Kinsell
250 _a1st ed.
_b2011 Edition
260 _aNew York :
_bRandom House ,
_c2010.
300 _aviii, 546p ;
_bPB :
_c27 cm.
650 _aGeneral Knowledge
_969239
700 _aKinsell, Sean.
_969240
942 _2ddc
_cBK
_e1st
_k153.94 PIED
999 _c190766
_d190766